000 00781nam a2200241 a 4500
001 24414
003 UkOxU
005 20211209001040.0
008 140313s1962 enkab 001 0 eng d
035 _a(BD-RjUL)24480
040 _aDLC
_cOT
_dDLC
_dBD-RjUL
_beng
041 _aeng
082 0 4 _a938
_bOMH 1962
100 1 _aOman, Charles,
_d1860-1946
_971386
245 1 2 _aA history of Greece from the earliest times to the death of Alexander the Great /
_cby C. W. C. Oman.
260 _aLondon, New York [etc.] :
_bLongmans, Green, and co.,
_c1961.
300 _axiii, 560 p. incl. front., illus., maps :
_b2 fold. maps ;
_c19 cm.
504 _aIncludes Index
651 0 _aGreece
_xHistory
_yTo 146 B.C.
_975106
942 _2ddc
_cBK
999 _c24414
_d24414